| 000 | 00672cam a2200253 4500 | ||
|---|---|---|---|
| 008 | 010821n2001 000 0 eng u | ||
| 020 | _a0415269741 | ||
| 035 | _a(Sirsi) u114213 | ||
| 050 | _a306.1 | ||
| 100 | _aMuth, R. | ||
| 245 | 4 | _aThe economics of housing markets | |
| 250 | _a2001 reprint. | ||
| 260 |
_aLondon _bRoutledge _c2001 |
||
| 300 | _a1x, 148p. ; 22cm. | ||
| 350 | _a45.00 | ||
| 650 | _aHOUSING MARKET | ||
| 650 | _aECONOMICS | ||
| 650 | _aHOUSE PRICES | ||
| 650 |
_aRESIDENTIAL PROPERTY _96266 |
||
| 650 | _aURBAN ECONOMICS | ||
| 690 | _aPROPERTY-RESIDENTIAL PROPERTY-RESIDENTIAL PROPERTY MARKET | ||
| 700 | _aGoodman, A. | ||
| 942 | _n0 | ||
| 999 |
_c101589 _d101589 |
||